000
00255nam a2200097Ia 4500
005
20251222114401.0
008
251222s1900||||xx |||||||||||||| ||spa||
082
_a
DVD0120/M58/2001
245
0
_a
Le nozze di Figaro: N.A. Mozart:La boda de FĂgaro
942
_c
DVD
999
_c
1655
_d
1655